00305nam a2200133Ia 45000030006000000080041000060400015000471000019000622450027000812500010001082600024001185460012001420050017001540STCL150530s9999 xx 000 0 und d aSTCLcSTCL aWalter Raleigh aRobert Louis Stevenson aFirst bEdward Arnoldc1924 aEnglish20220125171152.0